| 000 | 00889nas a2200289 4500 | ||
|---|---|---|---|
| 001 | BR0603420 | ||
| 003 | BR-BrBNA | ||
| 005 | 20231205110220.0 | ||
| 007 | ta | ||
| 008 | 230509b bl.|||p| |||| 00| 00por d | ||
| 040 |
_aBR-BrBNA _bpor _cBiblioteca Nacional de Agricultura |
||
| 041 | _a(En) | ||
| 072 | _aF30 | ||
| 100 | 1 | _aCordeiro, M.C.R. | |
| 100 | 1 | _aPinto, A.C. de Q. | |
| 100 | 1 | _aRamos, V.H.V. | |
| 100 | 1 | _aFaleiro, F.G. | |
| 100 | 1 | _aFraga, L.M.S. | |
| 245 | 1 | _aRAPD markers utilization and other parameters in the determination of mango hybrids genitors | |
| 650 | _aMANGA | ||
| 650 | _aMELHORAMENTO GENÉTICO VEGETAL | ||
| 650 | _aHÍBRIDO | ||
| 650 | _aHEREDITARIEDADE | ||
| 773 | 0 |
_tRevista Brasileira de Fruticultura (Brazil) _xISSN 0100-2945 _g(Aug 2006), v. 28(2) p. 164-167 _wBR0603420 |
|
| 909 |
_a202311 _bLúcia _c55 _dLúcia Elande |
||
| 942 |
_2AGRIS _n0 _cANA |
||
| 999 |
_c186535 _d186535 |
||